Fictional TV Businesses Quiz Stats

Quiz Updated Dec 21, 2012

Also try: TV Employers
Challenge
Share
Tweet
Embed
Score 0/30 Timer 06:00
1 Play Today
% Correct
Friends
88.4%
The Simpsons
85.1%
The Office
80.1%
Home Improvement
77.8%
The Jetsons
74.2%
Dallas
71.5%
Happy Days
66.1%
Lost
66%
King of the Hill
63.5%
Mad Men
62.2%
Arrested Development
62%
Moonlighting
60.9%
Futurama
58.9%
Married... With Children
58.7%
It's Always Sunny in Philadelphia
52.6%
% Correct
How I Met Your Mother
52.5%
The Sopranos
51.4%
L.A. Law
50%
Beverly Hills 90210
49.1%
Roseanne
48.2%
Seinfeld
47%
Breaking Bad
40.6%
Glee
39.5%
Entourage
36.1%
Frasier
35.9%
The Drew Carey Show
35.7%
Chuck
33.1%
Six Feet Under
31.5%
True Blood
30.9%
Star Trek: The Next Generation
27.4%

You're not logged in!

Compare scores with friends on all Sporcle quizzes.
Sign Up with Email
OR
Log In

You Might Also Like...

Show Comments

Extras

Top Quizzes Today


Score Distribution

Your Account Isn't Verified!

In order to create a playlist on Sporcle, you need to verify the email address you used during registration. Go to your Sporcle Settings to finish the process.